|
|
|
|
| LEADER |
00853nam a2200217 a 4500 |
| 001 |
00025579 |
| 008 |
120712s2011 enk b 000 0 eng d |
| 020 |
|
|
|a 9780194370042
|
| 040 |
|
|
|a BD-DhAAL
|c BD-DhAAL
|
| 082 |
0 |
0 |
|a 428.007
|2 22
|
| 100 |
1 |
|
|a Wajnryb, Ruth.
|
| 245 |
1 |
0 |
|a Grammar dictation /
|c Ruth Wajnryb
|
| 260 |
|
|
|a Oxford :
|b Oxford University Press ;
|c 2011.
|
| 300 |
|
|
|a 132 p. ;
|c 26 cm.
|
| 490 |
1 |
|
|a Resource books for teachers ;Oxford English., Series editor Alan Maley
|
| 504 |
|
|
|a Includes bibliographical references (p. 131-132).
|
| 541 |
|
|
|a 00025579
|
| 650 |
|
0 |
|a English language
|x Grammar.
|
| 852 |
1 |
|
|a Ayesha Abed Library
|j General shelf
|
| 999 |
|
|
|c 12565
|d 12565
|
| 952 |
|
|
|0 0
|1 0
|4 0
|6 428_007000000000000_WAJ
|7 0
|9 20731
|a BRACUL
|b BRACUL
|c GEN
|d 2012-07-12
|e Amazon.com
|g 21.50
|l 6
|m 11
|o 428.007 WAJ
|p 3010025579
|r 2025-08-18
|s 2025-08-09
|t 1
|w 2012-07-16
|y BK
|